| Tag |
First Indicator |
Second Indicator |
Subfields |
| LEADER |
00000cam a22000001a 4500 |
| 001 |
in00003353708 |
| 006 |
m d f |
| 007 |
cr bn mmmapmmp |
| 008 |
100717s1997 dcu o f000 0 eng d |
| 005 |
20260429192739.7 |
| 035 |
|
|
|a cis2007891297
|
| 040 |
|
|
|a ProQuest
|c ProQuest
|d UtOrBLW
|
| 043 |
|
|
|a n-us---
|
| 099 |
|
|
|a CRS-1997-ENR-0019
|
| 110 |
2 |
|
|a Library of Congress.
|b Congressional Research Service.
|
| 245 |
1 |
0 |
|a Agriculture and EPA's Proposed Air Quality Standards for Ozone and Particulates.
|
| 264 |
|
1 |
|a [Place of publication not identified] :
|b [publisher not identified],
|c 1997.
|
| 300 |
|
|
|a 1 online resource.
|
| 336 |
|
|
|a text
|b txt
|2 rdacontent
|
| 337 |
|
|
|a computer
|b c
|2 rdamedia
|
| 338 |
|
|
|a online resource
|b cr
|2 rdacarrier
|
| 500 |
|
|
|a Record is based on bibliographic data in ProQuest U.S. Congressional Research Digital Collection (last viewed July 2010). Reuse except for individual research requires license from ProQuest, LLC.
|
| 500 |
|
|
|a CRS Report.
|
| 520 |
|
|
|a Discusses EPA proposed revisions of national ambient air quality standards for ozone and particulate matter to be promulgated July 1997. Reviews relationship between air quality and agriculture, and examines scientific underpinnings of ozone and particulate standards, implementation issues, and regulatory impact on agriculture.
|
| 500 |
|
|
|a Electronic resource.
|
| 650 |
|
0 |
|a Agriculture.
|
| 650 |
|
0 |
|a Air
|x Pollution.
|
| 650 |
|
0 |
|a Environmental law.
|
| 655 |
|
7 |
|a Electronic books.
|2 local
|
| 710 |
2 |
|
|a ProQuest (Firm)
|
| 776 |
0 |
8 |
|i Microfiche version:
|a Library of Congress. Congressional Research Service.
|t Agriculture and EPA's Proposed Air Quality Standards for Ozone and Particulates.
|
| 830 |
|
0 |
|a U.S. Congressional Research.
|
| 856 |
4 |
0 |
|u http://proxy.library.tamu.edu/login?url=https://congressional.proquest.com/congcomp/getdoc?CRDC-ID=CRS-1997-ENR-0019
|z Connect to the full text of this electronic book
|t 0
|
| 999 |
|
|
|a MARS
|
| 999 |
f |
f |
|s ebc181e3-2732-3bf0-8fcc-7613cd30fa3e
|i 3b4ef510-3c7a-3c26-b274-7d3727dde00a
|t 0
|
| 952 |
f |
f |
|a Texas A&M University
|b College Station
|c Electronic Resources
|s www_evans
|d Available Online
|t 0
|e CRS-1997-ENR-0019
|h Other scheme
|
| 998 |
f |
f |
|a CRS-1997-ENR-0019
|t 0
|l Available Online
|